Podpora manažmentu aktívneho konceptuálneho modelu
Saved in:
| Main Author: | |
|---|---|
| Other Authors: | |
| Format: | Manuscript Book |
| Language: | Slovak |
| Published: |
2021
|
| Subjects: | |
| Online Access: | http://is.stuba.sk/zp/portal_zp.pl?podrobnosti=158931 |
| Tags: |
No Tags, Be the first to tag this record!
|
MARC
| LEADER | 00000ntm a22000003a 4500 | ||
|---|---|---|---|
| 001 | stuzp85640 | ||
| 003 | SK-STU | ||
| 005 | 20210619211838.9 | ||
| 007 | ta | ||
| 008 | 150427s2015----xo-----f-mn---000-0-slo-d | ||
| 040 | |a STU |b slo | ||
| 041 | 0 | |a slo | |
| 100 | 1 | |a Kocan, Kristián |u 070200 |4 aut |U FIIT Fakulta informatiky a informačných technológií |T FIIT Ústav informatiky, informačných systémov a softvérového inžinierstva |X 85896 |U I200 |Y 179 |7 85896 | |
| 242 | 0 | 1 | |a Active conceptual model management support |y eng |
| 245 | 1 | 0 | |a Podpora manažmentu aktívneho konceptuálneho modelu |
| 260 | |c 2021 | ||
| 650 | 4 | |a konceptuálne modelovanie |2 slo | |
| 650 | 4 | |a kolaboratívny prístup |2 slo | |
| 650 | 4 | |a aktívny konceptuálny model |2 slo | |
| 650 | 4 | |a podpora |2 slo | |
| 650 | 4 | |a abstraktný model |2 slo | |
| 650 | 4 | |a verzovací systém |2 slo | |
| 650 | 4 | |a versioning system |2 eng | |
| 650 | 4 | |a collaborative approach |2 eng | |
| 650 | 4 | |a active conceptual model |2 eng | |
| 650 | 4 | |a support |2 eng | |
| 650 | 4 | |a abstract model |2 eng | |
| 650 | 4 | |a conceptual modeling |2 eng | |
| 700 | 1 | |a Lang, Ján |u 070200 |k Z1 |4 ths |U FIIT Fakulta informatiky a informačných technológií |T FIIT Ústav informatiky, informačných systémov a softvérového inžinierstva |X 60247 |U I200 |Y 179 |7 60247 | |
| 856 | 4 | |u http://is.stuba.sk/zp/portal_zp.pl?podrobnosti=158931 | |